Técnicas PERT y CPM

Saved in:
Bibliographic Details
Main Authors: Wiest, Jerome D (Author), Levy, Ferdinand K (Author)
Format: Book
Language:Spanish
Published: Madrid Paraninfo 1972
Subjects:
Tags: Add Tag
No Tags, Be the first to tag this record!

MARC

LEADER 00000nam a2200000 a 4500
001 UCU3556
003 CL-VaPUC
008 960510e19720000SP |||||||||||||||||spa|d
082 0 4 |a 658.403  |b WIE  |2 21 
100 0 |a Wiest, Jerome D  |e author  |9 360561 
700 0 |a Levy, Ferdinand K  |e author  |9 360562 
245 1 0 |a Técnicas PERT y CPM 
300 |a 215 p 
942 |c BK 
945 |d 19960510 00:00:00  |a cmena 
260 |a Madrid  |b Paraninfo  |c 1972 
650 0 |a Investigación operativa  |9 259383 
650 7 |a TECNICAS DE PREVISION  |2 CL-VaPUC  |9 359778 
650 0 |a Teoría de probabilidades   |9 336944 
650 0 |a Teoría de la decisión  |9 357122 
650 7 |a METODO DEL CAMINO CRITICO  |2 CL-VaPUC  |9 360563 
650 7 |a MODELO PERT  |2 CL-VaPUC  |9 360564 
650 7 |a MODELO CPM  |2 CL-VaPUC  |9 360565 
583 |a last modification  |c 19960510 00:00:00  |k Rodrigo Vera 
999 |c 247521  |d 247519 
952 |0 0  |1 0  |4 0  |6 658_403000000000000_WIE_1972  |7 0  |8 A  |9 263500  |a BIBENE  |b BIBENE  |d 2019-11-19  |i 1402331  |o 658.403 WIE 1972  |p 1402331  |r 2025-01-15  |w 2019-11-19  |y BK  |k ICO 
952 |0 0  |1 0  |4 0  |6 658_403000000000000_WIE_1972  |7 0  |8 A  |9 263501  |a BIBENE  |b BIBENE  |d 2019-11-19  |i 1402382  |o 658.403 WIE 1972  |p 1402382  |r 2025-01-15  |w 2019-11-19  |y BK  |k ICO